Iniciatives legislatives del Parlament de Catalunya

Detalles Bibliográficos
Autor Corporativo: Catalunya. Parlament
Formato: eBook
Lenguaje:catalán
Publicado: [Barcelona] : [Generalitat de Catalunya], 2007
Materias:
Acceso en línea:Acceso restringido

MARC

LEADER 00000nam a22000007a 4500
005 20120223113535.0
007 cr|||| ||||
008 120223c20079999spc||||ss||||a0|||b1cat d
035 |a 6016 
040 |a vLex  
090 |c 3027  |d 3027 
110 1 |a Catalunya.  |b Parlament 
245 1 0 |a Iniciatives legislatives del Parlament de Catalunya  |h [Recurs electrṇic]  
256 |a Servei en linia 
260 |a [Barcelona] :  |b [Generalitat de Catalunya],  |c 2007 
300 |a 1 recurs electrṇic 
500 |a Llistats de les iniciatives que poden cloure en llei, a travš dels textos presentats pel Govern (projectes de llei), pels grups parlamentaris i membres del Parlament (proposicions de llei) o pels ciutadans (proposicions d'iniciativa legislativa popular) 
500 |a El document complet es troba al pdf adjunt. 
506 1 |a Contingut disponible en els productes indicats  |d vLex Global   |d vLex Global (Academic Edition, excluding Law Schools)   |d vLex Global (U.S. Academic Edition, Law Schools)   |d vLex Global (U.S. Academic Edition, excluding Law Schools)   |d vLex Global (Academic Edition, Law Schools)  
650 0 7 |a Iniciativa legislativa  |z Catalunya  |2 Lemac 
650 0 7 |a Projectes de llei  |z Catalunya  |2 Lemac 
650 0 7 |a Dret  |z Catalunya  |x Legislaci ̤  |2 Lemac 
651 7 |2 Lenoti  |a Catalunya 
740 0 |a vLex Legislaci ̤(Servei en linia) 
856 4 0 |u http://vlex.com/source/iniciatives-legislatives-parlament-catalunya-projectes-proposicions-llei-6016  |z Acceso restringido 
942 |c LG 
999 0 |a Initiative, Right of 
999 0 |a Bills, Legislative